Datum a čas kvízu
36
Celkem bodů
Celkový počet nahraných bodů na tomto kvízu bez doplňovacích otázek.
2.
Pořadí na kvízu
Konečné umístění týmu na tomto kvízu.
Zaznamenané odpovědi
| # | Otázka | Odpověď | Body | Výsledky |
|---|---|---|---|---|
| 1. | V sobotu bylo pro veřejnost ot... | Most, též Mostecké jezero | 1 | |
| 2. | Rádio Svobodná Evropa se poprv... | Maďarsko | 0 | |
| 3. | V úterý oslavila úctyhodné 10... | Meda Mládková | 1 | |
| 4. | Ve Francii se během celostátní... | rtěnka | 1 | |
| 5. | Bývalá úspěšná biatlonistka a... | badminton | 1 | |
| 6. | Za celou historii udělování No... | Marie Curie-Skłodowská | 1 | |
| 7. | Pouze dvěma Čechům v historii... | Jaroslav Heyrovský, Jaroslav Seifert | 1 | |
| 8. | Dva laureáti Nobelovy ceny za... | Boris Pasternak, Jean-Paul Sartre | 0 | |
| 9. | Přiřaďte laureáty Nobelových c... | 1D 2A 3C 4B | 1 | |
| 10. | Vyberte nepravdivé tvrzení o p... | C | 1 |